[Event "DEM U16 2014"]
[Site "Magdeburg GER"]
[Date "2014.06.08"]
[Round "1"]
[White "Schröder, Jan-Christian"]
[Black "Beeck, Mats"]
[Result "1-0"]
[Termination "normal"]
[Board "1"]
[WhiteTitle "FM"]
[WhiteElo "2372"]
[BlackElo "1877"]
[WhiteClock "00:26:58"]
[BlackClock "00:11:29"]
[PlyCount "61"]
[WhiteFideId "24662259"]
[BlackFideId "12936944"]
[EventCountry "GER"]
[EventRounds "9"]
[EventType "swiss"]
[EventDate "2014.06.07"]

1. e4 e5 2. Nf3 Nc6 3. Bb5 Nf6 4. Qe2 Bc5 5. O-O O-O 6. d3 Re8 7. c3 a6 8. Ba4
b5 9. Bb3 Bb7 10. h3 d5 11. Bg5 dxe4 12. dxe4 h6 13. Rd1 Qe7 14. Bxf6 Qxf6 15.
Bd5 Nd8 16. Bxb7 Nxb7 17. a4 Rad8 18. Nbd2 c6 19. b4 Bf8 20. axb5 axb5 21. Ra7
Re7 22. Rda1 Red7 23. R1a6 Kh7 24. Nf1 Re8 25. Ne3 Qe6 26. Ng4 f6 27. Qe3 Nd8
28. Rxd7 Qxd7 29. Qxh6+ Kg8 30. Qg6 Re6 31. Ra8 1-0

[Event "DEM U16 2014"]
[Site "Magdeburg GER"]
[Date "2014.06.08"]
[Round "1"]
[White "Kollars, Dmitrij"]
[Black "Bilchinski, Anton"]
[Result "1-0"]
[Termination "normal"]
[Board "3"]
[WhiteElo "2191"]
[BlackElo "1974"]
[WhiteClock "00:12:04"]
[BlackClock "00:02:33"]
[PlyCount "85"]
[WhiteFideId "12909572"]
[BlackFideId "24615765"]
[EventCountry "GER"]
[EventRounds "9"]
[EventType "swiss"]
[EventDate "2014.06.07"]

1. c4 Nf6 2. g3 c5 3. Bg2 e6 4. Nf3 Qc7 5. O-O d6 6. b3 Be7 7. Bb2 O-O 8. Nc3
a6 9. d4 cxd4 10. Nxd4 Nbd7 11. Qd2 Re8 12. Rac1 Rb8 13. Rfd1 Bf8 14. h3 Ne5
15. e4 Ng6 16. Nde2 Nd7 17. Kh2 b6 18. f4 Bb7 19. Qe3 Ba8 20. Rd2 Rbd8 21. Qg1
Qb8 22. a4 Nc5 23. Qd1 a5 24. Qc2 Ne7 25. Rcd1 Nc6 26. Ba3 Na6 27. Nb5 Ncb4 28.
Qc3 f6 29. Ned4 d5 30. exd5 exd5 31. f5 dxc4 32. Qxc4+ Kh8 33. Ne6 Rc8 34. Qf1
Bxg2 35. Qxg2 Qe5 36. Qf3 Nc5 37. Re2 Qb8 38. Bxb4 Nxe6 39. fxe6 Bxb4 40. Rd7
Re7 41. Na7 Rc3 42. Qxc3 Bxc3 43. Nc6 1-0

[Event "DEM U16 2014"]
[Site "Magdeburg GER"]
[Date "2014.06.08"]
[Round "1"]
[White "Peters, Tom"]
[Black "Sawlin, Leonid"]
[Result "0-1"]
[Termination "normal"]
[Board "4"]
[WhiteElo "1931"]
[BlackElo "2141"]
[WhiteClock "00:00:57"]
[BlackClock "00:18:22"]
[PlyCount "74"]
[WhiteFideId "24694444"]
[BlackFideId "4689542"]
[EventCountry "GER"]
[EventRounds "9"]
[EventType "swiss"]
[EventDate "2014.06.07"]

1. e4 e6 2. d4 d5 3. Nc3 Nf6 4. e5 Nfd7 5. f4 c5 6. Nf3 Nc6 7. Be3 Be7 8. Qd2
O-O 9. Be2 a6 10. O-O b5 11. Nd1 cxd4 12. Nxd4 Qc7 13. c3 Nc5 14. Nf2 Bd7 15.
Rac1 Qb7 16. b4 Na4 17. Bd3 Rfc8 18. Nd1 f6 19. Qe2 g6 20. Nxc6 Qxc6 21. Bd4 f5
22. Ne3 Bd8 23. g4 Bb6 24. gxf5 exf5 25. Qg2 Kf8 26. Qxd5 Be6 27. Qxc6 Rxc6 28.
a3 Rxc3 29. Rxc3 Bxd4 30. Rc7 Bxe3+ 31. Kg2 Rd8 32. Bc2 Rd2+ 33. Kg3 Bb6 34.
Rc6 Bd5 35. Rf6+ Kg7 36. Bxa4 Rg2+ 37. Kh3 Rg4 0-1

[Event "DEM U16 2014"]
[Site "Magdeburg GER"]
[Date "2014.06.08"]
[Round "1"]
[White "Grigorian, Spartak"]
[Black "Herzum, Peter"]
[Result "0-1"]
[Termination "normal"]
[Board "5"]
[WhiteElo "2186"]
[BlackElo "1951"]
[WhiteClock "00:13:00"]
[BlackClock "00:09:14"]
[PlyCount "112"]
[WhiteFideId "24661490"]
[BlackFideId "12919217"]
[EventCountry "GER"]
[EventRounds "9"]
[EventType "swiss"]
[EventDate "2014.06.07"]

1. d4 Nf6 2. Nf3 g6 3. c4 c5 4. d5 b5 5. cxb5 a6 6. b6 Qxb6 7. Nc3 d6 8. Nd2
Bg7 9. e4 Nbd7 10. a4 O-O 11. a5 Qc7 12. Be2 Bb7 13. Nc4 Rad8 14. O-O Ne8 15.
Bg5 f6 16. Bh4 Ne5 17. Nb6 g5 18. Bg3 f5 19. f4 gxf4 20. Rxf4 Nf6 21. exf5 Nfd7
22. Bh4 Ng6 23. Re4 Nxh4 24. Rxh4 Nxb6 25. axb6 Qxb6 26. Na4 Qc7 27. Ra3 Bc8
28. Rg3 Bxf5 29. Bd3 Qd7 30. Rg5 e6 31. Nb6 Qe7 32. Rhh5 h6 33. Bxf5 exf5 34.
Rg6 Qe3+ 35. Kh1 Rde8 36. h3 Kh7 37. Re6 Rxe6 38. dxe6 Qxe6 39. Nd5 Qe4 40. Qd2
Qb1+ 41. Kh2 Be5+ 42. g3 Bg7 43. Nc3 Qf1 44. Nd5 Rb8 45. b4 Rf8 46. Rh4 Qb5 47.
Nc7 Qd7 48. Nxa6 Qc6 49. Qd3 Be5 50. b5 Qb6 51. Kg2 Rf6 52. Rh5 Qb7+ 53. Qf3
Qxb5 54. Rxf5 Qb2+ 55. Kg1 Qb1+ 56. Qf1 Qxf5 0-1

[Event "DEM U16 2014"]
[Site "Magdeburg GER"]
[Date "2014.06.08"]
[Round "1"]
[White "Bohlsen, Linus"]
[Black "Richter, Leonard"]
[Result "0-1"]
[Termination "time forfeit"]
[Board "6"]
[WhiteElo "1888"]
[BlackElo "2127"]
[WhiteClock "00:04:16"]
[BlackClock "00:12:09"]
[PlyCount "55"]
[WhiteFideId "12958093"]
[BlackFideId "12900290"]
[EventCountry "GER"]
[EventRounds "9"]
[EventType "swiss"]
[EventDate "2014.06.07"]

1. d4 Nf6 2. c4 g6 3. f3 Bg7 4. e4 d6 5. Be3 O-O 6. Nc3 a6 7. Nge2 Nbd7 8. Qd2
c5 9. d5 b5 10. cxb5 Qa5 11. a4 Nb6 12. Nc1 Nfd7 13. Bh6 Ne5 14. Bxg7 Kxg7 15.
b3 f5 16. f4 Ned7 17. N1a2 fxe4 18. b4 cxb4 19. Qd4+ Nf6 20. Qxb4 axb5 21. Bxb5
Nbxd5 22. Qd4 Nxf4 23. O-O Ne6 24. Qc4 Nc5 25. Nb4 Be6 26. Ncd5 Nd3 27. Qd4
Nxb4 28. Nxb4 0-1

[Event "DEM U16 2014"]
[Site "Magdeburg GER"]
[Date "2014.06.08"]
[Round "1"]
[White "Müller, Max"]
[Black "Bingert, Tim Niklas"]
[Result "0-1"]
[Termination "normal"]
[Board "8"]
[WhiteElo "1795"]
[BlackElo "2122"]
[WhiteClock "00:18:43"]
[BlackClock "00:04:14"]
[PlyCount "46"]
[WhiteFideId "12900486"]
[BlackFideId "12917907"]
[EventCountry "GER"]
[EventRounds "9"]
[EventType "swiss"]
[EventDate "2014.06.07"]

1. e4 e5 2. f4 exf4 3. Bc4 d5 4. exd5 Bd6 5. Nf3 Ne7 6. O-O O-O 7. d4 Bg4 8.
Qe1 Nf5 9. c3 Re8 10. Ne5 f6 11. Rxf4 h5 12. h3 fxe5 13. Re4 Bxh3 14. gxh3 Nd7
15. Bd3 Qf6 16. h4 Qg6+ 17. Bg5 Be7 18. Qd2 Bxg5 19. hxg5 Nd6 20. Rxe5 Nxe5 21.
dxe5 Ne4 22. Qg2 Rxe5 23. Bxe4 Rxe4 0-1

[Event "DEM U16 2014"]
[Site "Magdeburg GER"]
[Date "2014.06.08"]
[Round "1"]
[White "Grunau, Christoph"]
[Black "Scheftlein, Richard"]
[Result "1-0"]
[Termination "normal"]
[Board "9"]
[WhiteElo "2077"]
[BlackElo "1957"]
[PlyCount "43"]
[WhiteFideId "12929760"]
[BlackFideId "12945609"]
[EventCountry "GER"]
[EventRounds "9"]
[EventType "swiss"]
[EventDate "2014.06.07"]

1. e4 e6 2. d4 d5 3. exd5 exd5 4. Nf3 Nf6 5. Bg5 Be7 6. Bd3 Bg4 7. O-O O-O 8.
c3 c6 9. Nbd2 Nbd7 10. Qc2 Bh5 11. Ne5 h6 12. Bf4 Nxe5 13. dxe5 Nd7 14. Bf5 Nc5
15. Be3 Be2 16. Rfe1 Ba6 17. Nf3 Kh8 18. b4 Nd7 19. Qd2 h5 20. Bd4 c5 21. bxc5
Bxc5 22. e6 1-0

[Event "DEM U16 2014"]
[Site "Magdeburg GER"]
[Date "2014.06.08"]
[Round "1"]
[White "Scheinhütte, Jakob"]
[Black "Gretz, Denis"]
[Result "0-1"]
[Termination "normal"]
[Board "10"]
[WhiteElo "1761"]
[BlackElo "2021"]
[PlyCount "33"]
[WhiteFideId "24693944"]
[BlackFideId "12945188"]
[EventCountry "GER"]
[EventRounds "9"]
[EventType "swiss"]
[EventDate "2014.06.07"]

1. e4 c5 2. Nf3 d6 3. c3 Nf6 4. h3 Nc6 5. Bd3 d5 6. exd5 Qxd5 7. Be2 e5 8. d3
Bf5 9. Nh4 Be6 10. O-O Be7 11. Na3 Rd8 12. Be3 e4 13. Nb5 O-O 14. Nc7 Qe5 15.
Nxe6 fxe6 16. f4 exf3 17. Rxf3 0-1

[Event "DEM U16 2014"]
[Site "Magdeburg GER"]
[Date "2014.06.08"]
[Round "1"]
[White "Mager, Denis"]
[Black "Geue, Niklas"]
[Result "1-0"]
[Termination "normal"]
[Board "11"]
[WhiteElo "2138"]
[BlackElo "1892"]
[PlyCount "77"]
[WhiteFideId "24691127"]
[BlackFideId "12961043"]
[EventCountry "GER"]
[EventRounds "9"]
[EventType "swiss"]
[EventDate "2014.06.07"]

1. c4 e5 2. Nc3 Nc6 3. g3 f5 4. Bg2 Nf6 5. e3 Be7 6. Nge2 O-O 7. a3 a5 8. O-O
Qe8 9. Nd5 Bd8 10. Nec3 d6 11. Rb1 Ne7 12. b4 axb4 13. axb4 c6 14. Nxe7+ Bxe7
15. b5 Be6 16. d3 Qd7 17. Bb2 Ng4 18. Qe2 d5 19. cxd5 cxd5 20. d4 e4 21. Ra1
Nh6 22. Rfc1 Nf7 23. Na4 Qd8 24. Nc5 Bxc5 25. dxc5 Qc7 26. Qc2 Rfc8 27. Qc3 Nd8
28. Bf1 Rxa1 29. Rxa1 Qe7 30. Rc1 Bd7 31. Qd4 Be6 32. Be2 Qd7 33. Bd1 Kh8 34.
Bb3 Bg8 35. Qc3 h6 36. Ba4 b6 37. c6 Qc7 38. Bb3 Be6 39. Qd4 1-0

[Event "DEM U16 2014"]
[Site "Magdeburg GER"]
[Date "2014.06.08"]
[Round "1"]
[White "Herdzik, Matthias"]
[Black "Schmidt, Tobias"]
[Result "0-1"]
[Termination "normal"]
[Board "12"]
[WhiteElo "1899"]
[BlackElo "2005"]
[PlyCount "94"]
[WhiteFideId "12983241"]
[BlackFideId "1271683"]
[EventCountry "GER"]
[EventRounds "9"]
[EventType "swiss"]
[EventDate "2014.06.07"]

1. e4 e6 2. d4 d5 3. Nc3 Bb4 4. e5 c5 5. a3 Bxc3+ 6. bxc3 Qa5 7. Bd2 Qa4 8. Qg4
g6 9. c4 Nc6 10. c3 cxd4 11. cxd4 dxc4 12. Nf3 Nge7 13. Be2 b5 14. O-O Qc2 15.
Rfc1 Qf5 16. Qh4 Bb7 17. Ng5 f6 18. Ne4 O-O-O 19. Bg4 g5 20. Bxf5 gxh4 21.
Bxe6+ Kb8 22. exf6 Ng6 23. d5 Nd4 24. Bc3 Ne2+ 25. Kf1 Nxc1 26. Rxc1 Bxd5 27.
Bxd5 Rxd5 28. f7 Rf8 29. Nf6 Rd3 30. Nxh7 Rxf7 31. Ng5 Rf5 32. Nf3 Rfd5 33. Ke1
Kb7 34. Nd2 Ne5 35. Ne4 Nc6 36. g3 a5 37. g4 b4 38. axb4 axb4 39. Bf6 c3 40. g5
Ne5 41. Ke2 R3d4 42. Ke3 Nc4+ 43. Kf4 Rd1 44. g6 Rxc1 45. g7 Rg1 46. Ng5 c2 47.
Ke4 Nb6 0-1

[Event "DEM U16 2014"]
[Site "Magdeburg GER"]
[Date "2014.06.08"]
[Round "1"]
[White "Pfreundt, Jakob"]
[Black "Tesch, Davy"]
[Result "1-0"]
[Termination "normal"]
[Board "13"]
[WhiteElo "1982"]
[BlackElo "1744"]
[PlyCount "132"]
[WhiteFideId "12918156"]
[BlackFideId "24679917"]
[EventCountry "GER"]
[EventRounds "9"]
[EventType "swiss"]
[EventDate "2014.06.07"]

1. e4 d5 2. exd5 Qxd5 3. Nc3 Qa5 4. d4 Nf6 5. Bc4 Bf5 6. Bd2 c6 7. Qe2 Qc7 8.
Nf3 Nbd7 9. Ne5 e6 10. Nxd7 Qxd7 11. d5 Be7 12. dxe6 Bxe6 13. Bxe6 Qxe6 14.
Qxe6 fxe6 15. O-O-O Kf7 16. Rde1 Rhe8 17. Re2 Rad8 18. Rhe1 Bb4 19. a3 Bxc3 20.
Bxc3 Rd5 21. f3 h6 22. Bd2 Rf5 23. a4 Rd5 24. g4 b5 25. Re3 g5 26. Ra3 Ra8 27.
axb5 cxb5 28. Ra6 Rad8 29. Bc3 R5d6 30. Rxa7+ R8d7 31. Rxd7+ Nxd7 32. Rd1 Rxd1+
33. Kxd1 e5 34. Ke2 Ke6 35. Bb4 Kd5 36. Kd3 Ke6 37. b3 Nf6 38. h3 h5 39. Bd2
hxg4 40. hxg4 e4+ 41. fxe4 Nxg4 42. Bxg5 Ne5+ 43. Ke3 Nc6 44. Bf4 Kf6 45. Bg3
Ke6 46. Be1 Ne5 47. Bd2 Nc6 48. Kd3 Kd6 49. Bf4+ Ke6 50. c4 bxc4+ 51. Kxc4 Nd8
52. b4 Kd7 53. b5 Kc8 54. Kd5 Kb7 55. Be3 Kc7 56. e5 Kd7 57. Bb6 Ne6 58. Ba5
Nf4+ 59. Kc5 Nd3+ 60. Kd4 Nf4 61. Bd2 Ne6+ 62. Kd5 Nc7+ 63. Kc5 Ne6+ 64. Kb6
Nd4 65. Bc3 Ne6 66. Ka7 Kc8 1-0

[Event "DEM U16 2014"]
[Site "Magdeburg GER"]
[Date "2014.06.08"]
[Round "2"]
[White "Gretz, Denis"]
[Black "Schröder, Jan-Christian"]
[Result "1/2-1/2"]
[Termination "normal"]
[Board "1"]
[BlackTitle "FM"]
[WhiteElo "2021"]
[BlackElo "2372"]
[PlyCount "40"]
[WhiteFideId "12945188"]
[BlackFideId "24662259"]
[EventCountry "GER"]
[EventRounds "9"]
[EventType "swiss"]
[EventDate "2014.06.07"]

1. e4 e5 2. Nf3 Nc6 3. Bc4 Nf6 4. d3 Be7 5. O-O d6 6. c3 O-O 7. Re1 Na5 8. Bb5
a6 9. Ba4 b5 10. Bc2 c5 11. Nbd2 Nc6 12. Nf1 h6 13. h3 Be6 14. d4 cxd4 15. cxd4
exd4 16. Nxd4 Nxd4 17. Qxd4 Rc8 18. Ne3 d5 19. exd5 Nxd5 20. Nxd5 Qxd5 1/2-1/2

[Event "DEM U16 2014"]
[Site "Magdeburg GER"]
[Date "2014.06.08"]
[Round "2"]
[White "Schmidt, Tobias"]
[Black "Kollars, Dmitrij"]
[Result "1/2-1/2"]
[Termination "normal"]
[Board "2"]
[WhiteElo "2005"]
[BlackElo "2191"]
[PlyCount "41"]
[WhiteFideId "1271683"]
[BlackFideId "12909572"]
[EventCountry "GER"]
[EventRounds "9"]
[EventType "swiss"]
[EventDate "2014.06.07"]

1. e4 c5 2. c3 Qa5 3. Nf3 Nc6 4. a3 Nf6 5. e5 Nd5 6. d4 cxd4 7. b4 Qc7 8. cxd4
e6 9. Nbd2 d6 10. Bb2 Be7 11. Bc4 O-O 12. O-O a6 13. Rc1 Bd7 14. Bd3 Rfd8 15.
Re1 Rac8 16. Qc2 h6 17. Qb3 Be8 18. Bb1 Qb8 19. Qd3 g6 20. Qe4 Bf8 21. h4
1/2-1/2

[Event "DEM U16 2014"]
[Site "Magdeburg GER"]
[Date "2014.06.08"]
[Round "2"]
[White "Sawlin, Leonid"]
[Black "Grunau, Christoph"]
[Result "1-0"]
[Termination "normal"]
[Board "3"]
[WhiteElo "2141"]
[BlackElo "2077"]
[PlyCount "87"]
[WhiteFideId "4689542"]
[BlackFideId "12929760"]
[EventCountry "GER"]
[EventRounds "9"]
[EventType "swiss"]
[EventDate "2014.06.07"]

1. e4 c5 2. Nf3 e6 3. d4 cxd4 4. Nxd4 a6 5. Nc3 Qc7 6. Bd3 Nc6 7. Nb3 Nf6 8.
O-O b5 9. a3 Bb7 10. f4 h5 11. Qf3 Ng4 12. h3 Qb6+ 13. Kh1 Ne7 14. Qe2 O-O-O
15. a4 b4 16. a5 Qc6 17. Na2 Ng8 18. hxg4 hxg4+ 19. Kg1 Nf6 20. c3 Nh5 21. Qf2
f5 22. Nd4 g3 23. Qe2 Bc5 24. Be3 Qd6 25. e5 Qe7 26. Bxa6 Qh4 27. Bxb7+ Kb8 28.
Rf3 Nxf4 29. Kf1 Nxe2 30. Kxe2 Bxd4 31. Rf4 Qe7 32. Rxd4 Kxb7 33. Nxb4 Ka8 34.
Rd6 Kb7 35. Rad1 Rh2 36. Rb6+ Ka8 37. Ra6+ Kb7 38. Ra7+ Kc8 39. Na6 Rf8 40. Rd4
Rxg2+ 41. Kf1 Rf2+ 42. Bxf2 Qg5 43. Rc7+ Kd8 44. Rcxd7+ 1-0

[Event "DEM U16 2014"]
[Site "Magdeburg GER"]
[Date "2014.06.08"]
[Round "2"]
[White "Richter, Leonard"]
[Black "Mager, Denis"]
[Result "1/2-1/2"]
[Termination "normal"]
[Board "4"]
[WhiteElo "2127"]
[BlackElo "2138"]
[PlyCount "69"]
[WhiteFideId "12900290"]
[BlackFideId "24691127"]
[EventCountry "GER"]
[EventRounds "9"]
[EventType "swiss"]
[EventDate "2014.06.07"]

1. e4 c5 2. Nf3 d6 3. d4 cxd4 4. Nxd4 Nf6 5. Nc3 a6 6. Bg5 e6 7. f4 h6 8. Bh4
Qb6 9. Qd2 Qxb2 10. Rb1 Qa3 11. e5 dxe5 12. fxe5 g5 13. exf6 gxh4 14. Be2 Qa5
15. O-O Nd7 16. Bf3 Bb4 17. Nde2 Ne5 18. Kh1 h3 19. Qd4 Nxf3 20. gxf3 Bc5 21.
Qe5 Bb4 22. Qd4 Bc5 23. Qe5 Bb4 24. Qf4 Bxc3 25. Nxc3 Qxc3 26. Rbd1 e5 27. Rfe1
Be6 28. Rxe5 Rd8 29. Ree1 Rxd1 30. Rxd1 Qc6 31. Qb8+ Bc8 32. Qe5+ Be6 33. Qb8+
Bc8 34. Qe5+ Be6 35. Qb8+ 1/2-1/2

[Event "DEM U16 2014"]
[Site "Magdeburg GER"]
[Date "2014.06.08"]
[Round "2"]
[White "Herzum, Peter"]
[Black "Baskin, Robert"]
[Result "1-0"]
[Termination "normal"]
[Board "5"]
[WhiteElo "1951"]
[BlackElo "2222"]
[PlyCount "65"]
[WhiteFideId "12919217"]
[BlackFideId "24662402"]
[EventCountry "GER"]
[EventRounds "9"]
[EventType "swiss"]
[EventDate "2014.06.07"]

1. e4 c5 2. Nf3 d6 3. d4 cxd4 4. Nxd4 Nf6 5. Nc3 a6 6. Be2 e5 7. Nb3 Be7 8. Bg5
Be6 9. Bxf6 Bxf6 10. Qd3 Nc6 11. O-O-O Qb6 12. Nd5 Bxd5 13. exd5 Ne7 14. Kb1
Qxf2 15. Nd2 Rd8 16. Ne4 Qh4 17. Rdf1 Qh6 18. h4 Qg6 19. g4 h6 20. h5 Qh7 21.
Rxf6 Qxe4 22. Qxe4 gxf6 23. c4 Rc8 24. b4 Kd7 25. Kb2 b6 26. Kb3 Rc7 27. Bd3 f5
28. gxf5 f6 29. Rg1 Rcc8 30. Qe3 b5 31. cxb5 Nxd5 32. Qa7+ Kd8 33. Rg7 1-0

[Event "DEM U16 2014"]
[Site "Magdeburg GER"]
[Date "2014.06.08"]
[Round "2"]
[White "Bingert, Tim Niklas"]
[Black "Pfreundt, Jakob"]
[Result "1/2-1/2"]
[Termination "normal"]
[Board "6"]
[WhiteElo "2122"]
[BlackElo "1982"]
[PlyCount "146"]
[WhiteFideId "12917907"]
[BlackFideId "12918156"]
[EventCountry "GER"]
[EventRounds "9"]
[EventType "swiss"]
[EventDate "2014.06.07"]

1. e4 e5 2. Nf3 Nc6 3. Bb5 a6 4. Ba4 d6 5. c3 Bd7 6. O-O g6 7. d4 Bg7 8. d5
Nce7 9. Bxd7+ Qxd7 10. c4 h6 11. Nc3 f5 12. Ne1 Nf6 13. f3 O-O 14. Nd3 c5 15.
a3 b5 16. cxb5 axb5 17. b4 c4 18. Nf2 f4 19. Bd2 g5 20. a4 bxa4 21. Rxa4 Qb7
22. Qc2 Nd7 23. Rfa1 Nb6 24. Ra5 Rfb8 25. R1a3 Nec8 26. Qa2 Bf6 27. Nfd1 Bd8
28. Nb2 Rxa5 29. Rxa5 h5 30. Ra3 g4 31. Nxc4 Nxc4 32. Qxc4 Qxb4 33. Qxb4 Rxb4
34. Ra8 Rc4 35. Nb5 Kg7 36. Kf2 Bb6+ 37. Ke2 Rc5 38. Nc3 Rc7 39. Nb5 Rc5 40.
Nc3 Rc7 41. Kd3 Bg1 42. h3 Nb6 43. Rd8 gxh3 44. gxh3 Nc4 45. Nb5 Nb2+ 46. Ke2
Rc2 47. Nxd6 Kf6 48. Rc8 Rxc8 49. Nxc8 Bc5 50. Be1 Nc4 51. Bf2 Bxf2 52. Kxf2 h4
53. Ke2 Kf7 54. Kd3 Ne3 55. Nd6+ Kf6 56. Nc4 Nd1 57. Ke2 Nc3+ 58. Kd2 Nb5 59.
Ke2 Nd4+ 60. Kf2 Nc2 61. d6 Nd4 62. d7 Nc6 63. Nd6 Ke7 64. Nf5+ Kxd7 65. Nxh4
Ke6 66. Nf5 Ne7 67. Nh4 Kf6 68. Ke2 Kg5 69. Ng2 Ng6 70. Kd3 Nh4 71. Ne1 Ng6 72.
Ng2 Nh4 73. Ne1 Ng6 1/2-1/2

[Event "DEM U16 2014"]
[Site "Magdeburg GER"]
[Date "2014.06.08"]
[Round "2"]
[White "Niegsch, Nicolas"]
[Black "Borchert, René"]
[Result "0-1"]
[Termination "normal"]
[Board "8"]
[WhiteElo "2005"]
[BlackElo "2008"]
[PlyCount "87"]
[WhiteFideId "12932140"]
[BlackFideId "12990671"]
[EventCountry "GER"]
[EventRounds "9"]
[EventType "swiss"]
[EventDate "2014.06.07"]

1. e4 e5 2. Nf3 Nc6 3. Bb5 a6 4. Ba4 Nf6 5. O-O b5 6. Bb3 Be7 7. Re1 O-O 8. h3
d6 9. c3 Na5 10. Bc2 c5 11. d4 cxd4 12. cxd4 Nc6 13. Nc3 Bb7 14. d5 Nb8 15. Ne2
Nbd7 16. Ng3 Rc8 17. Nf5 Re8 18. Nh2 Bf8 19. Bg5 Nc5 20. Ng4 Ncd7 21. Bd3 g6
22. Ngh6+ Bxh6 23. Nxh6+ Kg7 24. Qf3 Qa5 25. g4 Rf8 26. Qg3 Qb4 27. Kh2 Qxb2
28. Rg1 Qa3 29. Qh4 Ne8 30. Rg3 Rc3 31. Rd1 Qxa2 32. Rd2 Qa1 33. Be7 Qc1 34.
Bxf8+ Kxf8 35. Rf3 f6 36. Re2 Qd1 37. Qg3 Rc1 38. Qg2 b4 39. Rb2 Nc5 40. Rxb4
Qd2 41. Rxb7 Nxb7 42. g5 Nc5 43. Qg4 Qd1 44. Qg2 0-1

[Event "DEM U16 2014"]
[Site "Magdeburg GER"]
[Date "2014.06.08"]
[Round "2"]
[White "Scheftlein, Richard"]
[Black "Grigorian, Spartak"]
[Result "0-1"]
[Termination "normal"]
[Board "9"]
[WhiteElo "1957"]
[BlackElo "2186"]
[PlyCount "84"]
[WhiteFideId "12945609"]
[BlackFideId "24661490"]
[EventCountry "GER"]
[EventRounds "9"]
[EventType "swiss"]
[EventDate "2014.06.07"]

1. d4 Nf6 2. c4 e6 3. Nc3 Bb4 4. e3 O-O 5. Bd3 d5 6. Nf3 c5 7. O-O Nc6 8. a3
Bxc3 9. bxc3 dxc4 10. Bxc4 Qc7 11. Bb5 Rd8 12. Qe2 b6 13. a4 Bb7 14. Ba3 Ng4
15. e4 cxd4 16. h3 Nge5 17. Nxd4 Nxd4 18. cxd4 Rxd4 19. Rac1 Qd8 20. Rfd1 Rc8
21. Rxc8 Bxc8 22. Rxd4 Qxd4 23. Bb2 Qd6 24. Qe3 Bb7 25. Qd4 Qxd4 26. Bxd4 Ng6
27. f3 Ne7 28. Kf2 Bc6 29. Ke2 Bxb5+ 30. axb5 Nc8 31. Be5 f6 32. Bb8 Kf7 33.
Kd3 Ke7 34. Kc4 Kd7 35. Bh2 e5 36. Bg1 Ke6 37. Be3 Nd6+ 38. Kb4 g6 39. g4 f5
40. gxf5+ gxf5 41. exf5+ Nxf5 42. Bd2 Kd5 0-1

[Event "DEM U16 2014"]
[Site "Magdeburg GER"]
[Date "2014.06.08"]
[Round "2"]
[White "Bilchinski, Anton"]
[Black "Scheinhütte, Jakob"]
[Result "1-0"]
[Termination "normal"]
[Board "11"]
[WhiteElo "1974"]
[BlackElo "1761"]
[PlyCount "57"]
[WhiteFideId "24615765"]
[BlackFideId "24693944"]
[EventCountry "GER"]
[EventRounds "9"]
[EventType "swiss"]
[EventDate "2014.06.07"]

1. d4 Nf6 2. c4 g6 3. Nc3 Bg7 4. e4 O-O 5. Nf3 d6 6. Be2 e5 7. O-O exd4 8. Nxd4
c6 9. f3 Nbd7 10. Be3 Ne5 11. Qd2 d5 12. exd5 cxd5 13. c5 Nc4 14. Bxc4 dxc4 15.
Rfd1 Re8 16. Bf2 a6 17. b4 cxb3 18. axb3 Be6 19. b4 Bc4 20. Rac1 Qc7 21. Na4
Bd5 22. Bg3 Qe7 23. Re1 Qd8 24. Nb6 Rb8 25. Rxe8+ Qxe8 26. Bxb8 Qxb8 27. Ne2
Bc6 28. Nd4 Bd5 29. Re1 1-0

[Event "DEM U16 2014"]
[Site "Magdeburg GER"]
[Date "2014.06.08"]
[Round "2"]
[White "Geue, Niklas"]
[Black "Peters, Tom"]
[Result "0-1"]
[Termination "normal"]
[Board "12"]
[WhiteElo "1892"]
[BlackElo "1931"]
[PlyCount "60"]
[WhiteFideId "12961043"]
[BlackFideId "24694444"]
[EventCountry "GER"]
[EventRounds "9"]
[EventType "swiss"]
[EventDate "2014.06.07"]

1. e4 c5 2. Nf3 d6 3. d4 cxd4 4. Nxd4 Nf6 5. Nc3 Nc6 6. Bg5 Bd7 7. f4 Rc8 8.
Qd2 Nxd4 9. Qxd4 Qa5 10. O-O-O Qc5 11. Be2 h6 12. Bh4 b5 13. Qxc5 Rxc5 14. Bf2
Rc8 15. Bxb5 Bxb5 16. Nxb5 Nxe4 17. Bxa7 f5 18. a4 Kd7 19. Rd3 g5 20. fxg5 hxg5
21. Ra3 e5 22. a5 d5 23. Rb3 d4 24. Bb6 g4 25. a6 Bh6+ 26. Kb1 Nd2+ 27. Ka2
Nxb3 28. Kxb3 Rb8 29. a7 Rxb6 30. Ra1 Rxb5+ 0-1

[Event "DEM U16 2014"]
[Site "Magdeburg GER"]
[Date "2014.06.08"]
[Round "2"]
[White "Tesch, Davy"]
[Black "Bohlsen, Linus"]
[Result "1/2-1/2"]
[Termination "normal"]
[Board "13"]
[WhiteElo "1744"]
[BlackElo "1888"]
[PlyCount "59"]
[WhiteFideId "24679917"]
[BlackFideId "12958093"]
[EventCountry "GER"]
[EventRounds "9"]
[EventType "swiss"]
[EventDate "2014.06.07"]

1. d4 Nf6 2. Nf3 c5 3. e3 e6 4. Bd3 d5 5. c3 Nc6 6. Nbd2 Bd6 7. O-O O-O 8. dxc5
Bxc5 9. e4 h6 10. h3 Qc7 11. Re1 Qb6 12. Qe2 Nh5 13. Nb3 dxe4 14. Bxe4 Ng3 15.
Qc2 Nxe4 16. Rxe4 Bd6 17. Bxh6 f5 18. Be3 Qc7 19. Rh4 e5 20. Qe2 Be7 21. Qc4+
Rf7 22. Rh8+ Kxh8 23. Qxf7 Qd8 24. Qh5+ Kg8 25. Bg5 Be6 26. Bxe7 Qxe7 27. Ng5
Rd8 28. Qh7+ Kf8 29. Nxe6+ Qxe6 30. Qh8+ 1/2-1/2

[Event "DEM U16 2014"]
[Site "Magdeburg GER"]
[Date "2014.06.09"]
[Round "3"]
[White "Herzum, Peter"]
[Black "Sawlin, Leonid"]
[Result "1/2-1/2"]
[Termination "normal"]
[Board "1"]
[WhiteElo "1951"]
[BlackElo "2141"]
[PlyCount "79"]
[WhiteFideId "12919217"]
[BlackFideId "4689542"]
[EventCountry "GER"]
[EventRounds "9"]
[EventType "swiss"]
[EventDate "2014.06.07"]

1. e4 e6 2. d4 d5 3. Nc3 Nf6 4. Bg5 Be7 5. e5 Nfd7 6. Bxe7 Qxe7 7. f4 a6 8. Nf3
c5 9. dxc5 Nc6 10. Bd3 f6 11. Qe2 O-O 12. exf6 Rxf6 13. g3 Nxc5 14. O-O-O Qc7
15. Rhe1 Bd7 16. Ne5 b5 17. Nxc6 Qxc6 18. Qd2 b4 19. Ne2 b3 20. a3 bxc2 21.
Qxc2 Qb6 22. b4 Nxd3+ 23. Rxd3 Bb5 24. Rc3 d4 25. Rc8+ Rf8 26. Rxa8 Rxa8 27.
Qc5 Qxc5+ 28. bxc5 Rd8 29. Kd2 Kf7 30. Nc1 Rd5 31. Nd3 Bxd3 32. Kxd3 Rxc5 33.
Kxd4 Rc2 34. h3 Rh2 35. h4 Rg2 36. Re3 h5 37. Ke5 Rd2 38. Ke4 Kf6 39. Kf3 Rd5
40. Ke4 1/2-1/2

[Event "DEM U16 2014"]
[Site "Magdeburg GER"]
[Date "2014.06.09"]
[Round "3"]
[White "Schröder, Jan-Christian"]
[Black "Schmidt, Tobias"]
[Result "1-0"]
[Termination "normal"]
[Board "2"]
[WhiteTitle "FM"]
[WhiteElo "2372"]
[BlackElo "2005"]
[PlyCount "49"]
[WhiteFideId "24662259"]
[BlackFideId "1271683"]
[EventCountry "GER"]
[EventRounds "9"]
[EventType "swiss"]
[EventDate "2014.06.07"]

1. d4 d5 2. Nf3 Nf6 3. c4 dxc4 4. e3 e6 5. Bxc4 c5 6. O-O a6 7. dxc5 Bxc5 8.
Qxd8+ Kxd8 9. Be2 Ke7 10. b3 Nbd7 11. Nbd2 b6 12. Ne1 Bb7 13. Nd3 Rhd8 14. Nxc5
Nxc5 15. Nc4 Nfd7 16. Ba3 Kf6 17. Nxb6 Nxb6 18. Bxc5 Nd7 19. Bb4 Rac8 20. Ba5
Re8 21. Rfd1 Nc5 22. Rac1 Re7 23. Bd8 Rxd8 24. Rxd8 Ne4 25. f3 1-0